书目信息 |
| 题名: |
中国式寂寞
|
|
| 作者: | 严彦 编著 | |
| 分册: | ||
| 出版信息: | 北京 外文出版社 2010 |
|
| 页数: | 210页 | |
| 开本: | 21cm | |
| 丛书名: | ||
| 单 册: | ||
| 中图分类: | B842.6 | |
| 科图分类: | ||
| 主题词: | 情绪--自我控制--通俗读物 , 情绪 , 自我控制 | |
| 电子资源: | ||
| ISBN: | 978-7-119-06400-0 | |
| 000 | 00748nam0 2200253 45 | |
| 001 | 1237709466 | |
| 005 | 20120618084357.35 | |
| 010 | @a978-7-119-06400-0@dCNY26.80 | |
| 100 | @a20100811d2010 em y0chiy0110 ea | |
| 101 | 0 | @achi |
| 102 | @aCN@b110000 | |
| 105 | @ay z 000yy | |
| 106 | @ar | |
| 200 | 1 | @a中国式寂寞@AZhong Guo Shi Ji Mo@f严彦编著@FYan Yan Bian Zhu |
| 210 | @a北京@c外文出版社@d2010 | |
| 215 | @a210页@d21cm | |
| 330 | @a本书讲述了:“谁在被寂寞”、“寂寞的力量”、“谁是真寂寞”“抓住寂寞的尾巴”四部分内容。 | |
| 606 | 0 | @a情绪@x自我控制@j通俗读物 |
| 606 | 0 | @a情绪 |
| 606 | 0 | @a自我控制 |
| 690 | @aB842.6@v4 | |
| 701 | 0 | @a严彦@AYan Yan@4编著 |
| 801 | 0 | @aCN@bTSTCL@c20120604 |
| 905 | @b0818547-50@dB842.6@e1078@f4 | |
| 中国式寂寞/严彦编著.-北京:外文出版社,2010 |
| 210页;21cm |
| ISBN 978-7-119-06400-0:CNY26.80 |
| 本书讲述了:“谁在被寂寞”、“寂寞的力量”、“谁是真寂寞”“抓住寂寞的尾巴”四部分内容。 |
| ● |
| 相关链接 |
|
|
|
|
正题名:中国式寂寞
索取号:B842.6/1078
 
预约/预借
| 序号 | 登录号 | 条形码 | 馆藏地/架位号 | 状态 | 备注 |
| 1 | 0818547 | 208185471 | 第一样本阅览室/ [索取号:B842.6/1078] | 在馆 | |
| 2 | 0818548 | 208185480 | 第一借阅区/ [索取号:B842.6/1078] | 在馆 | |
| 3 | 0818549 | 208185499 | 第一借阅区/ [索取号:B842.6/1078] | 在馆 | |
| 4 | 0818550 | 208185505 | 第一借阅区/ [索取号:B842.6/1078] | 在馆 |